000 01125nam a22003855b 4500
001 0393853
003 DO-SdBNP
005 20180221103954.0
007 0393853
008 940210 1992 sp a |||| ||spa
016 7 _a
_2BPMSU
017 _a
_b
020 _a8434824094
035 _a
040 _aBPMSU
_bspa
_cBPMSU
_e
041 1 _aspa
_h
080 0 _a
092 _2
_a813.5
_eE682d
100 1 _aErickson, Russell E.
240 1 0 _aWarton and the contest /
_lale.
245 1 3 _aEl detective Warton /
_cRussell E. Erickson ; traducción José Enrique Cubedo ; ilustraciones, Javier Vázquez
_h
250 _a6ª ed.
260 1 _aMadrid :
_bSM,
_c1992
300 _a104 p. :
_bil. ;
_c19 cm
490 _aEl barco de vapor
_aSerie azul
_v29
500 _a
521 _aA partir de 7 años.
650 _2CUENTOS INFANTILES ESTADOUNIDENSE
700 1 _aCubedo, José Enrique
_etr.
700 1 _aVázquez, Javier
_d1959-
_eil.
830 0 _aEl barco de vapor.
_pSerie azul
_v29
942 _2ddc
_cBK
945 _aInventariado, 2018/ YL
956 _aVMATEO
_210
_320160406
_6BPMSU
_80069
999 _c9577
_d9577